000 00323nam a2200133Ia 4500
008 191201s2019 xx 000 0 und d
082 _a621.26 RAF
100 _aRATTAN, SS
245 0 _aFluid Mechanics and Hydraulic Machines
250 _arep
260 _bKhanna Publisher
_aNEW DELHI
300 _a735
942 _2ddc
_cBK
999 _c8190
_d8190